000 00714nam a2200229Ia 4500
001 b2619-23861 [2678]
003 IT-MiCISF
008 161014s9999||||xx |||||||||||||| ||und||
040 _aIT-MiCISF
_cIT-MiCISF
041 _ait
100 _aContini Gianfranco
245 0 _aVita quotidiana nella famiglia dello schizofrenico
250 _a1a ed.
260 _a Roma
_bNIS
_c1991
300 _app. 137
500 _a / famiglia, malattie-mentali, malato-in-famiglia, psichiatria, vita-familiare, funzionamento-familiare, rapporti-familiari, cura, rapporti-sociali, lavoro /
650 _asalute-cura
700 _aLalli Pina
700 _aMerini Alberto
942 _cBK
957 _71
999 _a23861
_bsi
_g1
_c214836
_d214836